| 000 | 00741nam a2200229 i 4500 | ||
|---|---|---|---|
| 001 | 58414 | ||
| 003 | ES-MaACL | ||
| 005 | 20250920063042.0 | ||
| 007 | t| | ||
| 008 | 031022s1979 mx ||||1| spa d | ||
| 080 | _a329 | ||
| 100 | 1 |
_aDuverger, Maurice, _d1917-2014 _946383 |
|
| 245 | 1 | 4 |
_aLos partidos políticos / _cMaurice Duverger ; traducción de Julieta Campos y Enrique González Pedrero. |
| 250 | _a1ª ed., 6ª reimp. | ||
| 260 |
_aMéxico : _bFondo de Cultura Económica, _c1979. |
||
| 300 |
_a459 p. ; _c21 cm. |
||
| 650 | 4 |
_aPartidos políticos. _915858 |
|
| 700 | 1 |
_aCampos, Julieta, _d1932-2007 _9234944 |
|
| 700 | 1 |
_aGonzález Pedrero, Enrique. _958866 |
|
| 852 | 4 |
_aES-MaACL _jL-7807 |
|
| 999 |
_c58414 _d58414 |
||